000 00429 a2200133 4500
001 ART_26195
005 20260410161936.0
008 260409a
245 1 0 _aLa recuperación industrial del aglomerado Gran Rosario a inicios del siglo XXI
100 1 _aBáscolo, Paula J.
700 1 _aGhilardi, María Fernanda
700 1 _aSecreto, María Florencia
773 0 _tSaberEs
_g- Nº 1 (jun. 2009)
_wREV26089
999 _c29087
_d29087